Central Library OPAC University of Rajshahi

عرب و ہند کے تعلقات ;; Arab-o-Hind KeTalluqat / (Record no. 79372)

MARC details
000 -LEADER
fixed length control field 00973naa a2200241 a 4500
001 - CONTROL NUMBER
control field 79372)
003 - CONTROL NUMBER IDENTIFIER
rucl marc code BD-RjUL
005 - DATE AND TIME OF LATEST TRANSACTION
control field 20220214111551.0
008 - FIXED-LENGTH DATA ELEMENTS--GENERAL INFORMATION
fixed length control field 220214s1930 ii ||||| |||| 00| 0 urd d
035 ## - SYSTEM CONTROL NUMBER
System control number (BD-RjUL)79372)
040 ## - CATALOGING SOURCE
Original cataloging agency BD-RjUL
Language of cataloging eng
Transcribing agency BD-RjUL
041 ## - LANGUAGE CODE
Language code of text/sound track or separate title urd
082 ## - DEWEY DECIMAL CLASSIFICATION NUMBER
Edition number 23
100 1# - MAIN ENTRY--PERSONAL NAME
Personal name ندوی، سید سلیمان ;; Nadvi Syed Sulaiman
9 (RLIN) 1311
245 10 - TITLE STATEMENT
Title عرب و ہند کے تعلقات ;; Arab-o-Hind KeTalluqat /
Statement of responsibility, etc. Syed Sulaiman Nadvi ;; سید سلیمان ندوی،
260 ## - PUBLICATION, DISTRIBUTION, ETC. (IMPRINT)
Place of publication, distribution, etc. الہ اباد ;; Allahabad :
Name of publisher, distributor, etc. ہندوستانی اکادمی ;; Hindustani Ekademy ,
Date of publication, distribution, etc. 1930
300 ## - PHYSICAL DESCRIPTION
Pagination 402 p. ;
Size 23 cm
490 ## - SERIES STATEMENT
Series statement سلسلہ لکچر ہندوستانی اکادمی ;
Volume/sequential designation نمبر ۵
650 ## - SUBJECT ADDED ENTRY--TOPICAL TERM
Geographic subdivision India
Topical term or geographic name as entry element Foreign relations
Form subdivision Arab countries.
9 (RLIN) 1312
Form subdivision Arab countries
Topical term or geographic name as entry element Foreign relations
Geographic subdivision India
9 (RLIN) 1313
830 ## - SERIES ADDED ENTRY--UNIFORM TITLE
Uniform title سلسلہ لکچر ہندوستانی اکادمی ;
Volume number/sequential designation نمبر ۵
942 ## - ADDED ENTRY ELEMENTS (KOHA)
Source of classification or shelving scheme Dewey Decimal Classification
Koha item type Books
Holdings
Lost status Source of classification or shelving scheme Damaged status Not for loan Collection code Permanent Location Current Location Shelving location Date acquired Total Checkouts Full call number Date last seen Copy number Koha item type
  Dewey Decimal Classification   Not For Loan Non-fiction Central Library, University of Rajshahi Central Library, University of Rajshahi Reading Room 14/02/2022   U 327.56054 NAA 1930 14/02/2022 C-1 Books